<?xml version="1.0" encoding="UTF-8"?>
<record
    xmlns:xsi="http://www.w3.org/2001/XMLSchema-instance"
    xsi:schemaLocation="http://www.loc.gov/MARC21/slim http://www.loc.gov/standards/marcxml/schema/MARC21slim.xsd"
    xmlns="http://www.loc.gov/MARC21/slim">

  <leader>00845nam a22002417b 4500</leader>
  <controlfield tag="003">3228</controlfield>
  <controlfield tag="005">20250925104821.0</controlfield>
  <controlfield tag="008">250925b        sa ||||| |||| 00| 0 eng d</controlfield>
  <datafield tag="020" ind1=" " ind2=" ">
    <subfield code="a">9781430808060 (paperback)</subfield>
  </datafield>
  <datafield tag="040" ind1=" " ind2=" ">
    <subfield code="a">MPL </subfield>
    <subfield code="b">English</subfield>
    <subfield code="c">3228</subfield>
    <subfield code="e">rda</subfield>
  </datafield>
  <datafield tag="041" ind1=" " ind2=" ">
    <subfield code="a">English</subfield>
  </datafield>
  <datafield tag="082" ind1=" " ind2="0">
    <subfield code="a">ST 345.6805 VANV</subfield>
  </datafield>
  <datafield tag="100" ind1=" " ind2=" ">
    <subfield code="9">196733</subfield>
    <subfield code="a">Van Vuuren, JW Jansen</subfield>
    <subfield code="e">Author</subfield>
  </datafield>
  <datafield tag="245" ind1=" " ind2=" ">
    <subfield code="a">Criminal justice process, NQF level 4 student's book /</subfield>
    <subfield code="c">JW Jansen van Vuuren, ME Johnson and JCD Lotz</subfield>
  </datafield>
  <datafield tag="250" ind1=" " ind2=" ">
    <subfield code="a">Second edition</subfield>
  </datafield>
  <datafield tag="260" ind1=" " ind2=" ">
    <subfield code="a">Northcliff : </subfield>
    <subfield code="b">Troupant Publishers in partnership with Macmillan Education, </subfield>
    <subfield code="c">2020.</subfield>
  </datafield>
  <datafield tag="300" ind1=" " ind2=" ">
    <subfield code="a">204 pages : </subfield>
    <subfield code="b">illustrations ; </subfield>
    <subfield code="c">30 cm</subfield>
  </datafield>
  <datafield tag="490" ind1=" " ind2=" ">
    <subfield code="a">TVET first</subfield>
  </datafield>
  <datafield tag="504" ind1=" " ind2=" ">
    <subfield code="a">Includes bibliographical references </subfield>
  </datafield>
  <datafield tag="700" ind1=" " ind2=" ">
    <subfield code="9">196734</subfield>
    <subfield code="a">Johnson, ME</subfield>
    <subfield code="e">Author</subfield>
  </datafield>
  <datafield tag="700" ind1=" " ind2=" ">
    <subfield code="9">196735</subfield>
    <subfield code="a">Lotz, JCD</subfield>
    <subfield code="e">Author</subfield>
  </datafield>
  <datafield tag="942" ind1=" " ind2=" ">
    <subfield code="2">ddc</subfield>
    <subfield code="c">BOOK</subfield>
    <subfield code="w">242</subfield>
    <subfield code="x">Nelisiwe Ngobeni</subfield>
    <subfield code="y">242</subfield>
    <subfield code="z">Nelisiwe Ngobeni</subfield>
  </datafield>
  <datafield tag="999" ind1=" " ind2=" ">
    <subfield code="c">786455</subfield>
    <subfield code="d">786454</subfield>
  </datafield>
  <datafield tag="952" ind1=" " ind2=" ">
    <subfield code="0">0</subfield>
    <subfield code="1">0</subfield>
    <subfield code="2">ddc</subfield>
    <subfield code="4">0</subfield>
    <subfield code="7">0</subfield>
    <subfield code="8">300</subfield>
    <subfield code="a">KWAML</subfield>
    <subfield code="b">VEREL</subfield>
    <subfield code="c">Non_Fiction</subfield>
    <subfield code="d">2025-09-25</subfield>
    <subfield code="l">0</subfield>
    <subfield code="o">ST 345.6805 VANV</subfield>
    <subfield code="p">33228031083530</subfield>
    <subfield code="r">2025-09-25</subfield>
    <subfield code="w">2025-09-25</subfield>
    <subfield code="y">BOOK</subfield>
  </datafield>
</record>
